Riešenie dlhodobej nezamestnanosti si žiada účinnejšie legislatívne nástroje
Rýchly rast počtu nezamestnaných osôb na začiatku transformačného obdobia v r. 1994. V súčasnom období rast dlhodobej nezamestnanosti. Nemení sa štruktúra ani príčiny dlhodobej nezamestnanosti, ale jej rozsah a dĺžka trvania. Súvislosti medzi mierou nezamestnanosti, dobou trvania nezamestnanosti a p...
Salvato in:
| Autore principale: | |
|---|---|
| Natura: | Capitolo di libro |
| Lingua: | slovacco |
| Soggetti: | |
| Tags: |
Nessun Tag, puoi essere il primo ad aggiungerne!!
|
MARC
| LEADER | 00000naa a2200000 4500 | ||
|---|---|---|---|
| 001 | r023159 | ||
| 005 | 20230921075746.7 | ||
| 041 | 0 | |a slo | |
| 044 | |a SK | ||
| 245 | 1 | 0 | |a Riešenie dlhodobej nezamestnanosti si žiada účinnejšie legislatívne nástroje |c Eva Rievajová |
| 520 | |a Rýchly rast počtu nezamestnaných osôb na začiatku transformačného obdobia v r. 1994. V súčasnom období rast dlhodobej nezamestnanosti. Nemení sa štruktúra ani príčiny dlhodobej nezamestnanosti, ale jej rozsah a dĺžka trvania. Súvislosti medzi mierou nezamestnanosti, dobou trvania nezamestnanosti a priemernou mzdou. Vládna politika zamestnanosti - špeciálne programy. | ||
| 610 | 2 | 0 | |a nezamestnanosť |
| 610 | 2 | 0 | |a Slovensko |
| 610 | 2 | 0 | |a legislatíva |
| 610 | 2 | 0 | |a miera nezamestnanosti |
| 610 | 2 | 0 | |a práce verejnoprospešné |
| 610 | 2 | 0 | |a trh práce |
| 610 | 2 | 0 | |a mzdy priemerné |
| 100 | 1 | |a Rievajová, Eva | |